000 003200000a22001330004500
020 _a0-451-15170-4
082 0 4 _aGI RT W670g
100 1 _aWilliams, Tennessee
245 1 0 _aThe Glass Menagerie / Tennssee Williams
260 _aNew York : New American Library Beascoa
300 _a137 P.
001 36
942 _cLGB
999 _c47296
_d47296